La labor sediciosa del clero mexicano /

Guardado en:
Bibliografiske detaljer
Hovedforfatter: Portes Gil, Emilio (autor)
Format: Bog
Sprog:spansk
Udgivet: Madrid, España : Cenit, 1935, c1935
Tags: Tilføj Tag
Ingen Tags, Vær først til at tagge denne postø!

MARC

LEADER 00000nam^a2200000^a^4500
001 000432180
005 20250526000000.0
009 20260310123008.279
037 |a Acervo ITESO - Biblioteca 
041 |a ESP 
091 |a FHM. 05897 
100 |a Portes Gil, Emilio  |e (autor) 
245 1 3 |a La labor sediciosa del clero mexicano / 
264 4 |a Madrid, España :  |b Cenit,  |c 1935, c1935 
300 |a 187 p. ;  |c 17.5 cm. 
336 |a texto  |b txt  |2 rdacontenido 
337 |a sin mediación  |b n  |2 rdamedio 
338 |a volumen  |b nc  |2 rdasoporte 
649 |a XX 
910 |a Fondo Hugo B. Margáin 
920 |a Impresos - Libros 
930 |a Libros Antiguos y Raros 
905 |a 126 
901 |a 0500315074  |b IT2  |c LRA  |i D107632  |u 20250526 
902 |a https://opac.biblio.iteso.mx/vufind/Record/000432180